000 00431nam a22001337a 4500
020 _qPB.
040 _cFizza Ishaq
082 _a882
_bEUR
100 _aEuripides,
_918929
245 _aEuripides III: Hecuba, Andromache, The Trojan Women, Ion (The Complete Greek Tragedies) /
_cEuripides.
260 _aNew York :
_bPublisher University of Chicago Press,
_c1958.
300 _a254 p. ;
_c5.25 x 0.5 x 8.25 inches
942 _2ddc
_cBK
999 _c616811
_d616811